| 000 | 00000nam##2200000za#4500 |
| 001 | 9.695447 |
| 003 | CaOODSP |
| 005 | 20220901140051 |
| 007 | cr ||||||||||| |
| 008 | 150407|2001||||xxc|||||o f|0| 0 eng|d |
| 040 | |aCaOODSP|beng |
| 043 | |an-cn--- |
| 086 | 1 |aJ2-180/2001E-PDF |
| 110 | 1 |aCanada.|bJustice Canada. |bNational Crime Prevention Centre. |
| 245 | 10|aYou can do it : |h[electronic resource]|ba practical tool kit to evaluating police and community crime prevention programs / |c[issued by] National Strategy on Community Saftey and Crime Prevention. |
| 260 | |aOttawa - Ontario : |bJustice Canada. |cAugust 2001. |
| 300 | |a144p.|bglossary, graphs, illus. (some coloured), references, tables |
| 500 | |aThe catalogue numbers (J2-180/2001E and J2-180/2001F) and ISBNs (0-662-30983-9 and 0-662-86178-7) for the print editions have been incorrectly copied in this electronic publication. |
| 590 | |a12-16-Supp|b2012-04-17 |
| 690 | 07|aPerformance assessment|2gcpds |
| 690 | 07|aCommunity programs|2gcpds |
| 690 | 07|aCrime prevention|2gcpds |
| 710 | 2 |aOttawa-Carleton Regional Police Service. |
| 710 | 2 |aNational Strategy on Community Safety and Crime Prevention. |
| 775 | 08|tVous pouvez y arriver : |w(CaOODSP)9.639583 |
| 776 | 0#|tYou can do it : |w(CaOODSP)9.648301 |
| 856 | 40|ahttp://publications.gc.ca|qPDF|s6.41 MB|uhttps://publications.gc.ca/collections/Collection/J2-180-2001E.pdf |